Fifa 22 Top 50 Asian Players - Statistics

General Stats
  • This quiz has been taken 100 times
  • The average score is 12 of 50
Answer Stats
Rating Club Nation Player % Correct
89 Tottenham Hotspur South Korea Heung-Min Son
100%
83 Roma FC Armenia Henrikh Mkhitaryan
76%
82 Inter Milan Turkey Hakan Calhanoglu
66%
80 Leicester City Turkey Caglar Soyuncu
62%
81 LOSC Lille Turkey Burak Yilmaz
59%
79 AS Monaco Russia Alexandr Golovin
53%
79 Eintracht Frankfurt Japan Daichi Kamada
47%
80 PSV Eindhoven Israel Eran Zahavi
47%
79 FC Porto Iran Mehdi Taremi
45%
82 CSKA Moscow Russia Mario Fernandes
41%
80 CSKA Moscow Russia Igor Akinfeev
38%
78 VFB Stuttgart Japan Wataru Endo
38%
78 LOSC Lille Turkey Yusuf Yazici
36%
77 Bergamo Calcio Turkey Merih Demiral
32%
79 LOSC Lille Turkey Zeki Celik
31%
78 Bergamo Calcio Russia Aleksei Miranchuk
30%
76 Lokomotiv Moscow Russia Anton Miranchuk
30%
76 Valencia CF Russia Denis Cheryshev
30%
77 Olympique Marseille Turkey Cengiz Under
27%
77 Werder Bremen Turkey Omer Toprak
27%
76 TSG Hoffenheim Israel Munas Dabbur
26%
77 Eintracht Frankfurt Japan Makoto Hasebe
24%
76 Norwich City Turkey Ozan Kabak
24%
77 KRC Genk Japan Junya Ito
23%
77 Real Valladolid Israel Shon Weissman
16%
76 Shakhtar Donetsk Israel Manor Solomon
15%
76 Al-Ahli Syria Omar Al-Soma
15%
75 Feyenoord turkey Orkun Kokcu
15%
76 PSV Eindhoven Japan Ritsu Doan
12%
78 Spartak Moscow Russia Roman Zobnin
12%
76 Al-Hilal Saudi Arabia Salem Al-Dawsari
12%
79 Guangzhou Evergrande China Ai Kesen
11%
76 CSKA Moscow Russia Alan Dzagoev
11%
76 Lokomotiv Moscow Russia Fedor Smolov
11%
77 Portimonense SC Japan Shoya Nakajima
11%
76 RC Celta Turkey Okay Yokuslu
9%
76 Watford Turkey Ozan Tufan
9%
79 Trabzonspor Turkey Ugurcan Cakir
9%
78 Bayer Leverkusen Russia Andrey Lunev
8%
76 Fatih Karagumruk Turkey Caner Erkin
8%
77 Fenerbahce Turkey Altay Bayindir
7%
79 Guangzhou Evergrande China Gao Late
7%
77 Guangzhou Evergrande China A Lan
5%
76 Fenerbahce Turkey Irfan Kahveci
5%
76 Besiktas Turkey Mert Gunok
5%
77 Spartak Moscow Russia Georgi Dzhikiya
4%
77 Lokomotiv Moscow Russia Guilherme
4%
76 FC Bordeaux South Korea Hwang Ui Jo
4%
78 Gil Vicente Russia Stanislav Kritsyuk
4%
76 Guangzhou Evergrande China Fei Nanduo
3%
No matching quizzes found
Score Distribution
Percent of People with Each Score
Percentile by Number Answered
Your Score History
You have not taken this quiz